ARRUPE JESUIT UNIVERSITY

CORONAVIRUS -STOP THE SPREAD - CLEAN,DISINFECT,COVER

Microsoft Office Word 2007 inside out / (Record no. 131326)

MARC details
000 -LEADER
fixed length control field 01701cam a22003737a 4500
001 - CONTROL NUMBER
control field 14797468
003 - CONTROL NUMBER IDENTIFIER
control field ARRUPE
005 - DATE AND TIME OF LATEST TRANSACTION
control field 20220421095458.0
008 - FIXED-LENGTH DATA ELEMENTS--GENERAL INFORMATION
fixed length control field 070405s2007 waua 001 0 eng d
010 ## - LIBRARY OF CONGRESS CONTROL NUMBER
LC control number 2007926330
020 ## - INTERNATIONAL STANDARD BOOK NUMBER
International Standard Book Number 9780735623309
020 ## - INTERNATIONAL STANDARD BOOK NUMBER
International Standard Book Number 0735623309
035 ## - SYSTEM CONTROL NUMBER
System control number (OCoLC)ocn145871673
040 ## - CATALOGING SOURCE
Original cataloging agency TEF
Transcribing agency TEF
Modifying agency BAKER
-- YDXCP
-- DLC
042 ## - AUTHENTICATION CODE
Authentication code lccopycat
050 00 - LIBRARY OF CONGRESS CALL NUMBER
Classification number Z52.5.M52
Item number M88 2007
082 04 - DEWEY DECIMAL CLASSIFICATION NUMBER
Classification number 005.52
Edition number 22
300 ## - PHYSICAL DESCRIPTION
Other physical details ill. ;
Dimensions 23 cm. +
100 1# - MAIN ENTRY--PERSONAL NAME
Personal name Murray, Katherine,
Dates associated with a name 1961-
9 (RLIN) 51378
245 10 - TITLE STATEMENT
Title Microsoft Office Word 2007 inside out /
Statement of responsibility, etc Katherine Murray, Mary Millhollon, Beth Melton.
246 30 - VARYING FORM OF TITLE
Title proper/short title Word 2007 inside out
260 ## - PUBLICATION, DISTRIBUTION, ETC. (IMPRINT)
Place of publication, distribution, etc Redmond, Wash. :
Name of publisher, distributor, etc Microsoft Press,
Date of publication, distribution, etc c2007.
300 ## - PHYSICAL DESCRIPTION
Extent xxxiii, 868 p. :
Accompanying material 1 CD-ROM (4 3/4 in.)
500 ## - GENERAL NOTE
General note Includes index.
538 ## - SYSTEM DETAILS NOTE
System details note System requirements: 500 MHz processor or higher; 2 GB storage space; 256 MB RAM; CD-ROM or DVD-ROM drive; 1024x768 or higher resolution monitor; Microsoft Internet Explorer 6 or newer; Microsoft Windows or Windows Vista-compatible sound card and speakers; Microsoft Mouse or compatible pointing device.
630 00 - SUBJECT ADDED ENTRY--UNIFORM TITLE
Uniform title Microsoft Word.
9 (RLIN) 51375
650 #0 - SUBJECT ADDED ENTRY--TOPICAL TERM
Topical term or geographic name as entry element Word processing.
9 (RLIN) 51376
700 1# - ADDED ENTRY--PERSONAL NAME
Personal name Millhollon, Mary.
9 (RLIN) 51379
700 1# - ADDED ENTRY--PERSONAL NAME
Personal name Melton, Beth
Fuller form of name (Beth A.)
9 (RLIN) 51380
856 42 - ELECTRONIC LOCATION AND ACCESS
Materials specified Publisher description
Uniform Resource Identifier <a href="http://www.loc.gov/catdir/enhancements/fy1004/2007926330-d.html">http://www.loc.gov/catdir/enhancements/fy1004/2007926330-d.html</a>
856 42 - ELECTRONIC LOCATION AND ACCESS
Materials specified Contributor biographical information
Uniform Resource Identifier <a href="http://www.loc.gov/catdir/enhancements/fy1105/2007926330-b.html">http://www.loc.gov/catdir/enhancements/fy1105/2007926330-b.html</a>
906 ## - LOCAL DATA ELEMENT F, LDF (RLIN)
a 7
b cbc
c copycat
d 2
e ncip
f 20
g y-gencatlg
942 ## - ADDED ENTRY ELEMENTS (KOHA)
Source of classification or shelving scheme Library of Congress Classification
Koha item type Monograph ( Printed materials)
Holdings
Withdrawn status Lost status Source of classification or shelving scheme Damaged status Not for loan Collection code Home library Current library Shelving location Date acquired Total Checkouts Full call number Barcode Date last seen Price effective from Koha item type
    Library of Congress Classification     Main Collection ARRUPE LIBRARY ARRUPE LIBRARY Main Collection 21/04/2022   Z52.5.M52 M88 2007 46600008702 21/04/2022 21/04/2022 Monograph ( Printed materials)

 

Arrupe Library. PO Box MP320 Mt Pleasant, Harare, Zimbabwe
263 242 745411|librarian@aju.ac.zw